Najmniejsze Miasto na prawach powiatu w każdym województwie - Statystyki

Ogólne statystyki
  • Ten quiz został rozwiązany 52 razy
  • Średni wynik to 14 z 16
Statystyki odpowiedzi
Województwo Liczba Ludności Czy jest siedzibą powiatu ziemskiego? Miasta w pow. ziemskim Miasto % Poprawnych
małopolskie 83 896 tak Stary Sącz, Grybów, Krynica-Zdrój, Muszyna, Piwniczna-Zdrój Nowy Sącz
100%
opolskie 128 012 tak Ozimek, Niemodlin, Tułowice, Prószków Opole
96%
dolnośląskie 79 480 tak Kowary, Piechowice, Szklarska Poręba, Karpacz Jelenia Góra
94%
świętokrzyskie 193 415 tak Pierzchnica, Bodzentyn, Morawica, Łagów, Daleszyce, Nowa Słupia, Chmielnik, Chęciny, Piekoszów, Łopuszno Kielce
90%
lubelskie 59 280 tak Międzyrzec Podlaski, Terespol Biała Podlaska
88%
warmińsko-mazurskie 119 317 tak Pasłęk, Tolkmicko, Młynary Elbląg
88%
lubuskie 123 341 tak Kostrzyn nad Odrą, Witnica Gorzów Wielkopolski
88%
łódzkie 47 932 tak Bolimów Skierniewice
88%
wielkopolskie 63 505 tak Rydzyna, Osieczna Leszno
86%
podlaskie 62 780 tak Nowogród, Jedwabne Łomża
86%
podkarpackie 46 139 tak Jedlicze, Rymanów, Dukla, Iwonicz-Zdrój Krosno
84%
pomorskie 36 562 nie Sopot
82%
kujawsko-pomorskie 94 368 tak Łasin, Radzyń Chełmiński Grudziądz
80%
mazowieckie 52 792 tak Myszyniec Ostrołęka
80%
zachodniopomorskie 41 516 nie Świnoujście
80%
śląskie 49 363 nie Świętochłowice
65%
Nie znaleziono quizów pasujących do podanych kryteriów
Rozkład punktacji
Procent ludzi z każdym wynikiem
Percentyl według liczby udzielonych odpowiedzi
Twoja historia wyników
Nie rozwiązałeś tego quizu